LEADER 01055nam a2200229 i 4500 001 000000103130 003 CaOOAMICUS 005 20010917000000.0 008 010917s1925 gw u000 u lat u 013 $a75296 040 $aSeMil$bita 245 10$aRespublica Venetiarum, Provincia Gradensis, Histria. 250 $aReimpressio phototypica. 300 $aXXVII, 263 p. 500 $aRistampa anastatica dell' ed. del 1925. 650 4$aDocumenti pontifici - Italia.$0(OLS)http://semarc/subject/1018 700 1 $aKehr, Paul Fridolin,$d<1860-1944>.$0(OLS)http://semarc/name/3470 773 0 $tItalia Pontificia, sive, repertorium privilegiorum et litterarum a romanis Pontificibus ante annum 1198 Italiae ecclesiis, monasteriis, civitatibus singulisque personis concessorum.$gVol.7$w()6628 773 0 $tVenetiae et Histria.$gPars2$w()6630 850 $aSeMil 852 $aSeMil$W1$xVenegono$y1$mSL1.F VIII 9/2$j59591$B59591$CSeMilBibl$Z2$F44071 $8I 996 $6245$aRespublica Venetiarum, Provincia Gradensis, Histria$9(OLS)http://semarc/title/149880